000 00486nam a2200181Ia 4500
005 20250508150240.0
008 008 250505s9999 xx 000 0 eng d
037 _aTextual
040 _aFEDL
_beng
_cFEDL
041 _aeng
_2eng
084 _a375.82, REY
_qFEDL
100 _aReynolds E E
245 0 _aEnglish syllabus
260 _aCambridge
_bCambridge University Press
_c1931
300 _axi,102p
942 _cTEXL
_h375.82, REY
999 _c1322632
_d1322632